Correlation theory of statistically optimal systems /
Guardado en:
| Autor Principal: | |
|---|---|
| Formato: | Libro |
| Idioma: | English Russian |
| Publicado: |
Philadelphia :
Saunders,
1969.
|
| Series: | Saunders mathematics books
|
| Materias: | |
| Etiquetas: |
Agregar Etiqueta
Sin Etiquetas, Sea el primero en etiquetar este registro!
|
| LEADER | 00943cam a2200241 a 4500 | ||
|---|---|---|---|
| 001 | MAT.inmabb004628 | ||
| 008 | 700113s1969####paua#####b####001#0#eng## | ||
| 005 | 20130409130129.0 | ||
| 245 | 1 | 0 | |a Correlation theory of statistically optimal systems / |c N. I. Andreyev ; translated by Scripta Technica, Inc. ; edited by Wendell H. Fleming. |
| 260 | |a Philadelphia : |b Saunders, |c 1969. | ||
| 300 | |a x, 370 p. : |b il. ; |c 25 cm. | ||
| 440 | 0 | |a Saunders mathematics books | |
| 500 | |a Traducción de: Korreliatsionnaia teoriia statisticheski optimal'nykh sistem. Nauka, 1966. | ||
| 504 | |a Bibliografía: p. 361-364. | ||
| 510 | 4 | |a MR, |c 39 #5204 | |
| 100 | 1 | |a Andreev, N. I. |q (Nikolai Il'ich) | |
| 240 | 1 | 0 | |a Korreliatsionnaia teoriia statisticheski optimal'nykh sistem. |l Inglés |
| 650 | 0 | |a Control theory. | |
| 084 | |a 93E20 |2 msc2000 | ||
| 010 | |a 68018279 | ||
| 040 | |a DLC |c DLC |d DLC | ||
| 041 | 1 | |a eng |h rus | |
| 859 | |h 93 |i An558 |p A-4212 |b BIB. MATEMATICA | ||
